[Event "Hong Kong op"]
[Site "Hong Kong"]
[Date "2023.12.27"]
[Round "6"]
[White "Liu, Cheng"]
[Black "Chiu, Silas Nathaniel"]
[Result "1-0"]
[WhiteElo "1825"]
[BlackElo "1197"]
[PlyCount "117"]
[EventDate "2023.12.24"]
[EventType "swiss"]
[EventRounds "9"]
[EventCountry "HKG"]
[SourceTitle "CB01_2024"]
[SourceDate "2024.01.03"]
[SourceVersion "1"]
[SourceVersionDate "2024.01.03"]
[SourceQuality "1"]

1. Nf3 Nc6 2. d4 d5 3. g3 Bf5 4. Bg2 Nf6 5. 0-0 e6 6. c4 Be7 7. cxd5 exd5 8. Qb3 0-0 9. Na3 Qd7 10. Bg5 h6 11. Bxf6 Bxf6 12. e3 a6 13. Nd2 Be6 14. Nab1 Na5 15. Qc3 Nc6 16. b4 Na7 17. Nb3 Nb5 18. Qd2 b6 19. Rc1 Rac8 20. Bf1 Bh3 21. Be2 Ra8 22. a4 Nd6 23. Qc3 Rfc8 24. N1d2 Qe6 25. Bf3 Nf5 26. Qc6 Qxc6 27. Rxc6 Ne7 28. Rc3 c6 29. Be2 Kf8 30. g4 g6 31. e4 c5 32. bxc5 bxc5 33. Rxh3 cxd4 34. Rd1 Bg7 35. exd5 Nxd5 36. Bf3 Nf4 37. Rg3 Rab8 38. Kf1 Rc3 39. Be4 d3 40. Rf3 g5 41. h4 Rb4 42. Bf5 Rxa4 43. hxg5 hxg5 44. Re3 a5 45. Bd7 Bd4 46. Re8+ Kg7 47. Bxa4 Nh3 48. Nxd4 Ra3 49. Nf5+ Kh7 50. Bb5 Nf4 51. Rd8 a4 52. Ra8 Nd5 53. Rxa4 Rc3 54. Rd4 Nf4 55. Ne4 Rb3 56. Bxd3 Nxd3 57. R4xd3 Rb4 58. Rh3+ Kg6 59. Rh6# 1-0